Statistics for Spanish Animal Words Quiz

Click here to take the quiz!

General Stats

  • This quiz has been taken 36,745 times
    (25,998 since last reset)
  • The average score is 15 of 24

Answer Stats

Spanish English % Correct
GatoCat
98%
ToroBull
95%
PerroDog
94%
LeónLion
93%
CaballoHorse
89%
TortugaTurtle
84%
VacaCow
82%
BurroDonkey
71%
PájaroBird
71%
PezFish
69%
ArañaSpider
66%
CerdoPig
61%
LoboWolf
58%
MonoMonkey
57%
CabraGoat
56%
MariposaButterfly
52%
TiburónShark
42%
GalloRooster
41%
ZorroFox
38%
AbejaBee
38%
RanaFrog
36%
HormigaAnt
35%
LagartoLizard
32%
MedusaJellyfish
26%

Score Distribution

Percentile by Number Answered

Percent of People with Each Score

Your Score History

You have not taken this quiz since the last reset